000
00290nam a2200121Ia 4500
003
GCL
008
140319s9999 xx 000 0 ara d
040
_a
GCL /
_c
GCL
082
0
4
_a
813.03
_b
م ا
245
1
0
_a
اجمل الكلمات لم اهمس بها بعد
300
_a
131 ص
490
_a
999
_c
39836
_d
39836